MARC

LEADER 00000nam0a2200000 4500
001 125302
005 20231031131323.0
010 |a 1584884312 
035 |a (RuTPU)RU\TPU\book\135597 
090 |a 125302 
100 |a 20071115d2004 k y0engy50 ba 
101 0 |a eng 
102 |a US 
105 |a a z 001zy 
200 1 |a Skew-Elliptical distributions and their applications. A journy beyond normality  |f edited by M. G. Genton 
210 |a Boca Raton  |c Chapman & Hall  |d 2004 
215 |a 396 p.  |c ил. 
320 |a References: p. 359-376. 
320 |a Index: p. 377-396. 
610 1 |a математика 
610 1 |a дифференциальные уравнения 
610 1 |a эллиптические уравнения 
610 1 |a асимметричные уравнения 
610 1 |a распределения 
610 1 |a эллиптические функции 
610 1 |a приложения 
610 1 |a английский язык 
675 |a 517.956.2  |v 3 
675 |a 517.583  |v 3 
702 1 |a Genton  |b M. G.  |g Marc G.  |4 340 
801 1 |a RU  |b 63413507  |c 20071115  |g PSBO 
801 2 |a RU  |b 63413507  |c 20151103  |g PSBO 
942 |c BK